000 00594nam a2200181Ia 4500
008 100920s9999 xx 000 0 und d
082 _b87094
_a24 न 02
100 _aसरस प्रभा.
245 _aजब फुलवा हंसी.
260 _bनॅशनल बुक ट्रस्ट, इंडिया नवी दिल्ली.
_c2002
300 _a12
_bसाधी
365 _b6
520 _aसायो.
630 _aजब फुलवा हंसी.
650 _aसायो.
730 _aजब फुलवा हंसी.
942 _cBOOK
999 _c727604
_d727601